[Event "Col Ch "]
[Site "Ibague "]
[Date "2013.07.02"]
[Round "3.26"]
[White "Nunez V, Gustavo Eduardo"]
[Black "Agudelo, Carlos Hernan"]
[Result "1-0"]
[WhiteElo "2245"]
[BlackElo "2065"]
[PlyCount "59"]
[EventDate "2013.07.01"]
[EventType "swiss"]
[EventRounds "11"]
[EventCountry "COL"]
[SourceDate "2005.09.12"]

1. c4 e6 2. Nf3 b6 3. g3 Bb7 4. Bg2 g6 5. O-O Bg7 6. Nc3 Ne7 7. d4 d6 8. e4 Nd7
9. Be3 O-O 10. Qd2 e5 11. h3 Nc6 12. Rae1 Re8 13. d5 Ne7 14. h4 Nf6 15. Nh2 Bc8
16. f4 Ng4 17. Nxg4 Bxg4 18. f5 gxf5 19. Bh6 f6 20. Rf2 Rf8 21. Ref1 Qd7 22.
Kh2 fxe4 23. Bxg7 Kxg7 24. Nxe4 Nf5 25. h5 h6 26. Bf3 Bxf3 27. Rxf3 Nd4 28.
Rxf6 Rxf6 29. Rxf6 Rh8 30. Rg6+ 1-0

[Event "Col Ch "]
[Site "Ibague "]
[Date "2013.07.02"]
[Round "3.27"]
[White "Nunez V, Daniel"]
[Black "Andrade Truyol, Geiner Jose"]
[Result "1-0"]
[WhiteElo "2225"]
[BlackElo "2045"]
[PlyCount "51"]
[EventDate "2013.07.01"]
[EventType "swiss"]
[EventRounds "11"]
[EventCountry "COL"]
[SourceDate "2005.09.12"]

1. e4 c5 2. Nc3 d6 3. f4 Nc6 4. Nf3 g6 5. Bc4 Bg7 6. O-O e6 7. d3 Nge7 8. Qe1
O-O 9. f5 d5 10. Bb3 gxf5 11. exd5 Nxd5 12. Bxd5 exd5 13. Bg5 f6 14. Bf4 Re8
15. Qf2 d4 16. Ne2 Ne5 17. h3 Be6 18. Ng3 Ng6 19. Bd2 Qd6 20. Nh5 Bd7 21. Nh4
Nxh4 22. Qxh4 Qf8 23. Rf3 Re7 24. Rg3 Kh8 25. Nxg7 f4 26. Bxf4 1-0

[Event "Col Ch "]
[Site "Ibague "]
[Date "2013.07.02"]
[Round "3.28"]
[White "Ramirez, Benjamin Dario"]
[Black "Conti, Julian"]
[Result "1-0"]
[WhiteElo "2214"]
[BlackElo "2034"]
[PlyCount "33"]
[EventDate "2013.07.01"]
[EventType "swiss"]
[EventRounds "11"]
[EventCountry "COL"]
[SourceDate "2005.09.12"]

1. e4 e5 2. Nf3 Nc6 3. Bc4 Nf6 4. Qe2 Be7 5. c3 d6 6. h3 O-O 7. O-O Na5 8. Bb5
a6 9. Ba4 c5 10. d4 Qc7 11. Bg5 b5 12. Bc2 Bd7 13. Na3 Rfc8 14. Rac1 Nc6 15.
Bb1 Nd8 16. Nc2 Be6 17. Ne3 1-0

[Event "Col Ch "]
[Site "Ibague "]
[Date "2013.07.02"]
[Round "3.29"]
[White "Rojas Barrero, Andres H"]
[Black "Culma, Ruben"]
[Result "0-1"]
[WhiteElo "2201"]
[BlackElo "2029"]
[PlyCount "116"]
[EventDate "2013.07.01"]
[EventType "swiss"]
[EventRounds "11"]
[EventCountry "COL"]
[SourceDate "2005.09.12"]

1. e4 a6 2. d4 b5 3. Bd3 Bb7 4. Nf3 e6 5. O-O c5 6. c3 Nf6 7. Qe2 d5 8. e5 Ne4
9. Nbd2 Nxd2 10. Bxd2 Be7 11. dxc5 Bxc5 12. Ng5 g6 13. Qf3 Qe7 14. b4 Bb6 15.
Qh3 Nd7 16. Nf3 Bd8 17. Bg5 Qf8 18. Bh6 Qg8 19. a4 bxa4 20. Rxa4 Rc8 21. Bxa6
Bxa6 22. Rxa6 Rxc3 23. Ra8 Nb6 24. Rxd8+ Kxd8 25. Qh4+ Kc7 26. Qe7+ Kb8 27. Ra1
Rc7 28. Qd6 Nc8 29. Ra8+ Kxa8 30. Qxc7 Qd8 31. Qxf7 Qe7 32. Qf4 Na7 33. h4 Rb8
34. Qf6 Nc6 35. Nd4 Qxf6 36. exf6 Nxd4 37. f7 Nf5 38. f8=Q Rxf8 39. Bxf8 Nxh4
40. g4 e5 41. Kf1 Kb7 42. Bd6 Nf3 43. Ke2 e4 44. Ke3 Kc6 45. Bc5 Kb5 46. Bd6
Kc4 47. Be7 Ne5 48. g5 Ng4+ 49. Ke2 d4 50. Bc5 Ne5 51. Bd6 Nf3 52. Be7 d3+ 53.
Kd1 Nd4 54. Bd6 Nc2 55. Kd2 Nxb4 56. f3 exf3 57. Ke3 Nd5+ 58. Kxf3 Kc3 0-1

[Event "Col Ch "]
[Site "Ibague "]
[Date "2013.07.02"]
[Round "3.30"]
[White "Bejarano, Dany Andres"]
[Black "Diaz, Jaime Walter"]
[Result "0-1"]
[WhiteElo "2020"]
[BlackElo "2175"]
[PlyCount "46"]
[EventDate "2013.07.01"]
[EventType "swiss"]
[EventRounds "11"]
[EventCountry "COL"]
[SourceDate "2005.09.12"]

1. e4 c5 2. d4 cxd4 3. c3 dxc3 4. Nxc3 e6 5. Nf3 a6 6. Bc4 b5 7. Bb3 Bb7 8. O-O
Bc5 9. Qe2 Ne7 10. Ng5 Ng6 11. Rd1 Qe7 12. Qh5 d6 13. Nd5 exd5 14. Rxd5 Bxd5
15. Bxd5 Qf6 16. Be3 Ra7 17. e5 Qxe5 18. Qf3 O-O 19. Qh5 h6 20. Qxg6 hxg5 21.
Bb3 Bxe3 22. fxe3 Qxe3+ 23. Kh1 Qxb3 0-1

[Event "Col Ch "]
[Site "Ibague "]
[Date "2013.07.02"]
[Round "3.31"]
[White "Herrera Perez, Martin Steven"]
[Black "Castro, Alexander"]
[Result "1-0"]
[WhiteElo "1974"]
[BlackElo "2142"]
[PlyCount "89"]
[EventDate "2013.07.01"]
[EventType "swiss"]
[EventRounds "11"]
[EventCountry "COL"]
[SourceDate "2005.09.12"]

1. e4 d6 2. d4 Nf6 3. f3 e5 4. dxe5 dxe5 5. Qxd8+ Kxd8 6. Bc4 Be6 7. Bxe6 fxe6
8. Be3 Nbd7 9. Nd2 Bc5 10. Bxc5 Nxc5 11. O-O-O Ke7 12. Nc4 Ncd7 13. Nh3 a5 14.
Nf2 b5 15. Ne3 Ra6 16. Rd2 Rd6 17. Rhd1 Nb6 18. b3 Rhd8 19. Nd3 Nfd7 20. Ng4 h5
21. Ngxe5 Nxe5 22. Nxe5 Rxd2 23. Nc6+ Ke8 24. Rxd2 Rxd2 25. Kxd2 a4 26. Nd4
axb3 27. axb3 Kd7 28. Nxb5 g5 29. Ke3 e5 30. g3 c6 31. Na3 Ke6 32. Nc4 Nd7 33.
f4 gxf4+ 34. gxf4 exf4+ 35. Kxf4 Nf6 36. h4 c5 37. e5 Ne8 38. Kg5 Ng7 39. Kg6
Nf5 40. Kxh5 Nd4 41. Kg6 Nxc2 42. h5 Nd4 43. h6 Nf5 44. h7 Ne7+ 45. Kh5 1-0

[Event "Col Ch "]
[Site "Ibague "]
[Date "2013.07.02"]
[Round "3.32"]
[White "Palacio, Pablo Persi"]
[Black "Florez, Carlos Julio"]
[Result "0-1"]
[WhiteElo "1931"]
[BlackElo "2130"]
[PlyCount "82"]
[EventDate "2013.07.01"]
[EventType "swiss"]
[EventRounds "11"]
[EventCountry "COL"]
[SourceDate "2005.09.12"]

1. e4 d6 2. d4 Nf6 3. Nc3 g6 4. Be2 Bg7 5. Nf3 O-O 6. O-O c6 7. h3 e5 8. dxe5
dxe5 9. Qxd8 Rxd8 10. Bg5 Re8 11. Rfd1 h6 12. Be3 Nbd7 13. g4 h5 14. Ng5 Nf8
15. gxh5 gxh5 16. Kh2 Be6 17. Rg1 Kh8 18. Rg2 N8h7 19. Nxe6 Rxe6 20. Rag1 Rg8
21. Bxa7 b5 22. a3 Nf8 23. Be3 Ng6 24. Bd3 h4 25. Ne2 Nh5 26. c4 Rd6 27. Bb1
Nhf4 28. Bxf4 exf4 29. Nc3 f3 30. Rg4 Rd2 31. Rf1 Rxb2 32. Na2 Be5+ 33. Kh1
bxc4 34. Rg5 Rgb8 35. Rgg1 c5 36. Rc1 Rxf2 37. Rgd1 Rbb2 38. Rc2 Rxb1 39. Rxb1
Rxc2 40. Nc1 Rh2+ 41. Kg1 Rg2+ 0-1

[Event "Col Ch "]
[Site "Ibague "]
[Date "2013.07.02"]
[Round "3.33"]
[White "Buitrago, Juan Carlos"]
[Black "Torres, Jorge Emilio"]
[Result "1-0"]
[WhiteElo "2124"]
[BlackElo "2000"]
[PlyCount "87"]
[EventDate "2013.07.01"]
[EventType "swiss"]
[EventRounds "11"]
[EventCountry "COL"]
[SourceDate "2005.09.12"]

1. d4 d5 2. c4 e6 3. Nc3 f5 4. Nf3 Nf6 5. Bg5 Be7 6. e3 O-O 7. Bd3 c6 8. Qc2
Ne4 9. Bxe7 Qxe7 10. O-O Nd7 11. Rac1 Ndf6 12. Ne5 Bd7 13. f3 Nd6 14. c5 Nf7
15. f4 Nxe5 16. fxe5 Ng4 17. Rce1 Qg5 18. Qd2 b6 19. h3 bxc5 20. hxg4 cxd4 21.
Nb1 fxg4 22. exd4 Qh4 23. Rxf8+ Rxf8 24. Rf1 g3 25. Rxf8+ Kxf8 26. Qe3 Ke7 27.
Nd2 Qh2+ 28. Kf1 Qh1+ 29. Qg1 Qh6 30. Ke2 Be8 31. Nf3 Bh5 32. Qe3 Bxf3+ 33.
Kxf3 Qxe3+ 34. Kxe3 h5 35. Bg6 h4 36. Kf3 Kd7 37. Kg4 Kc7 38. Kxh4 Kb6 39. Kxg3
c5 40. Kf2 cxd4 41. Bf7 Kc5 42. Bxe6 a5 43. Ke2 Kc4 44. Kd2 1-0

[Event "Col Ch "]
[Site "Ibague "]
[Date "2013.07.02"]
[Round "3.34"]
[White "Cifuentes, Jhon Jairo"]
[Black "Hernandez, Oscar Eduardo"]
[Result "1-0"]
[WhiteElo "2120"]
[BlackElo "1970"]
[PlyCount "63"]
[EventDate "2013.07.01"]
[EventType "swiss"]
[EventRounds "11"]
[EventCountry "COL"]
[SourceDate "2005.09.12"]

1. e4 c5 2. Nf3 Nc6 3. d4 cxd4 4. Nxd4 g6 5. c4 Nf6 6. Nc3 d6 7. Be2 Nxd4 8.
Qxd4 Bg7 9. Be3 O-O 10. Qd2 Ng4 11. Bxg4 Bxg4 12. Bd4 Be6 13. O-O Rc8 14. b3
Qa5 15. Bxg7 Kxg7 16. Qd4+ Kg8 17. Nd5 Bxd5 18. exd5 Qc5 19. Qh4 Rce8 20. Rae1
e5 21. Qf6 Qb6 22. g4 Qd8 23. g5 Qxf6 24. gxf6 g5 25. Kg2 h5 26. h4 Kh7 27.
hxg5 Kg6 28. f4 exf4 29. Re7 Rxe7 30. fxe7 Re8 31. Re1 b6 32. b4 1-0

[Event "Col Ch "]
[Site "Ibague "]
[Date "2013.07.02"]
[Round "3.35"]
[White "Dominguez, Oscar"]
[Black "Arango Arenas, Juan Camilo"]
[Result "1/2-1/2"]
[WhiteElo "2092"]
[BlackElo "1600"]
[PlyCount "54"]
[EventDate "2013.07.01"]
[EventType "swiss"]
[EventRounds "11"]
[EventCountry "COL"]
[SourceDate "2005.09.12"]

1. e4 c5 2. Nf3 Nc6 3. d4 cxd4 4. Nxd4 g6 5. c4 Bg7 6. Nc2 Nf6 7. Nc3 O-O 8.
Be2 d6 9. O-O Nd7 10. Bd2 Nc5 11. b4 Bxc3 12. Bxc3 Nxe4 13. Bb2 e5 14. Bf3 Nf6
15. b5 Na5 16. Ne3 Be6 17. Rc1 Rc8 18. Ba3 Nxc4 19. Nxc4 Rxc4 20. Qxd6 Qxd6 21.
Bxd6 Rfc8 22. Rxc4 Bxc4 23. Rc1 e4 24. Be2 Be6 25. Rxc8+ Bxc8 26. Bb8 a6 27.
bxa6 bxa6 1/2-1/2

[Event "Col Ch "]
[Site "Ibague "]
[Date "2013.07.02"]
[Round "3.36"]
[White "Contreras, Henry"]
[Black "Botello, Gregory Paul"]
[Result "1-0"]
[WhiteElo "2230"]
[BlackElo "1940"]
[PlyCount "102"]
[EventDate "2013.07.01"]
[EventType "swiss"]
[EventRounds "11"]
[EventCountry "COL"]
[SourceDate "2005.09.12"]

1. e4 e5 2. Nf3 Nc6 3. Bc4 Bc5 4. d3 Nf6 5. Be3 Bb6 6. Nbd2 d6 7. c3 O-O 8. Bb3
Be6 9. Nf1 Bxb3 10. axb3 d5 11. Bg5 dxe4 12. Bxf6 Qxf6 13. dxe4 Rad8 14. Qe2
Qe6 15. N1d2 Rd7 16. O-O Rfd8 17. Nc4 f6 18. Rfd1 Qe7 19. g3 Qc5 20. Ne3 Ne7
21. Kf1 Qc6 22. Rxd7 Rxd7 23. Qc4+ Qxc4+ 24. Nxc4 Nc6 25. b4 a6 26. Ke2 Kf7 27.
Nfd2 Ke6 28. Nb3 f5 29. f3 fxe4 30. fxe4 Rf7 31. Rf1 Rxf1 32. Kxf1 Nd8 33. Ke2
Nf7 34. Nbd2 Nd6 35. Nxd6 cxd6 36. Kd3 h6 37. Nf3 g5 38. g4 Bd8 39. c4 b6 40.
h3 Kd7 41. Nd2 Be7 42. Kc3 Kc7 43. Nf1 Kd7 44. Ne3 Kc6 45. Nd5 Bd8 46. Kd3 Kd7
47. b5 axb5 48. cxb5 Ke8 49. Ne3 Be7 50. Kc4 Kd7 51. Kd5 Bd8 1-0

[Event "Col Ch "]
[Site "Ibague "]
[Date "2013.07.02"]
[Round "3.37"]
[White "Valencia, Dario"]
[Black "Guerrero Forero, Ricardo Alon"]
[Result "0-1"]
[WhiteElo "1958"]
[BlackElo "2208"]
[PlyCount "78"]
[EventDate "2013.07.01"]
[EventType "swiss"]
[EventRounds "11"]
[EventCountry "COL"]
[SourceDate "2005.09.12"]

1. Nf3 Nf6 2. c4 g6 3. b3 Bg7 4. Bb2 c5 5. g3 d6 6. Bg2 e5 7. d3 O-O 8. O-O Nc6
9. Nc3 Bg4 10. h3 Bd7 11. Ng5 Ne8 12. h4 Nc7 13. Nb5 Nxb5 14. cxb5 Nd4 15. Bxd4
exd4 16. Bxb7 Rb8 17. Bd5 Rxb5 18. Qc2 Be8 19. Qc4 Rb4 20. Qa6 Qe7 21. Rae1 h6
22. Nf3 Qc7 23. Nd2 Bb5 24. Qa3 Bc6 25. Bxc6 Qxc6 26. Rc1 Rb7 27. b4 Qe8 28.
bxc5 Qxe2 29. c6 Rc7 30. Ne4 Rfc8 31. Qxd6 Qxd3 32. Nf6+ Bxf6 33. Qxf6 Qe4 34.
Rc4 Rxc6 35. Rxd4 Rxf6 36. Rxe4 Ra6 37. a4 Rc2 38. Rb1 Rf6 39. Rf1 Ra2 0-1

[Event "Col Ch "]
[Site "Ibague "]
[Date "2013.07.02"]
[Round "3.38"]
[White "Castaneda, Jorge Luis"]
[Black "Vargas, Eduar Misael"]
[Result "1/2-1/2"]
[WhiteElo "2199"]
[BlackElo "1955"]
[PlyCount "39"]
[EventDate "2013.07.01"]
[EventType "swiss"]
[EventRounds "11"]
[EventCountry "COL"]
[SourceDate "2005.09.12"]

1. e4 c5 2. Nf3 d6 3. d4 cxd4 4. Nxd4 Nf6 5. Nc3 Nc6 6. Bc4 Qb6 7. Nb3 e6 8.
Be3 Qc7 9. Be2 Be7 10. O-O O-O 11. f4 a6 12. a4 b6 13. Bf3 Bb7 14. g4 Nd7 15.
g5 Nc5 16. Nd2 Nb4 17. f5 d5 18. exd5 exd5 19. Bg2 Qe5 20. Bxc5 1/2-1/2

[Event "Col Ch "]
[Site "Ibague "]
[Date "2013.07.02"]
[Round "3.40"]
[White "Restrepo, Jose Daniel"]
[Black "Arango, Andres Mauricio"]
[Result "0-1"]
[WhiteElo "1944"]
[BlackElo "2142"]
[PlyCount "62"]
[EventDate "2013.07.01"]
[EventType "swiss"]
[EventRounds "11"]
[EventCountry "COL"]
[SourceDate "2005.09.12"]

1. e4 c5 2. Nc3 Nc6 3. f4 d6 4. Bb5 e5 5. Bxc6+ bxc6 6. fxe5 dxe5 7. Nf3 f6 8.
O-O Be6 9. b3 Nh6 10. d3 Nf7 11. Be3 Qa5 12. Qe1 Nd6 13. Bd2 Qc7 14. a4 Be7 15.
Be3 Nb7 16. Qg3 O-O 17. Nh4 Kh8 18. Nf5 Bxf5 19. Rxf5 g6 20. Rf3 Nd8 21. h4 Ne6
22. Ne2 f5 23. Bg5 f4 24. Qg4 Bxg5 25. Qxe6 Bxh4 26. Rh3 Rae8 27. Qc4 Qe7 28.
Rf1 g5 29. Qc3 g4 30. Rh1 f3 31. gxf3 gxf3 0-1

[Event "Col Ch "]
[Site "Ibague "]
[Date "2013.07.02"]
[Round "3.41"]
[White "Cespedes, Jaime"]
[Black "Ospina Ortiz, Oscar Alexander"]
[Result "1-0"]
[WhiteElo "2138"]
[BlackElo "1943"]
[PlyCount "92"]
[EventDate "2013.07.01"]
[EventType "swiss"]
[EventRounds "11"]
[EventCountry "COL"]
[SourceDate "2005.09.12"]

1. d4 d5 2. c4 c6 3. Nc3 Nf6 4. e3 Nbd7 5. Nf3 e6 6. Qc2 Be7 7. Bd3 O-O 8. O-O
a6 9. b3 Qa5 10. c5 Qc7 11. Bb2 Re8 12. Rfd1 e5 13. dxe5 Nxe5 14. Nxe5 Qxe5 15.
Nxd5 Qxd5 16. Bxf6 Qxc5 17. Bxh7+ Kh8 18. Bxe7 Qxe7 19. Bd3 Qe5 20. Qc4 Re7 21.
Bc2 Bf5 22. Bxf5 Qxf5 23. Rd4 Rae8 24. Rad1 Kg8 25. Rd8 Rxd8 26. Rxd8+ Kh7 27.
h3 Rd7 28. Qh4+ Kg6 29. Rxd7 Qxd7 30. Qg4+ Qxg4 31. hxg4 Kf6 32. Kf1 c5 33. Ke2
Ke5 34. Kd3 b5 35. f4+ Kd5 36. e4+ Kd6 37. g5 g6 38. Ke3 Ke6 39. e5 Kd5 40. Kd3
a5 41. a4 c4+ 42. bxc4+ bxc4+ 43. Ke3 Kc5 44. f5 gxf5 45. e6 Kd6 46. exf7 Ke7
1-0

[Event "Col Ch "]
[Site "Ibague "]
[Date "2013.07.02"]
[Round "3.43"]
[White "Valdes, Nicolas"]
[Black "Jaramillo, Carlos Orlando"]
[Result "1-0"]
[WhiteElo "2095"]
[BlackElo "1930"]
[PlyCount "81"]
[EventDate "2013.07.01"]
[EventType "swiss"]
[EventRounds "11"]
[EventCountry "COL"]
[SourceDate "2005.09.12"]

1. d4 d6 2. f4 f5 3. Nf3 Nf6 4. b3 g6 5. Bb2 Bg7 6. e3 O-O 7. Bc4+ e6 8. Ng5 d5
9. Bd3 h6 10. Nf3 Ne4 11. Bxe4 fxe4 12. Ne5 Kh7 13. Qg4 Qe8 14. Nc3 Nd7 15. a4
Nxe5 16. dxe5 a6 17. Ne2 Bd7 18. Ba3 Rf7 19. h4 h5 20. Qh3 Bf8 21. Bxf8 Qxf8
22. g4 Qc5 23. Rg1 Rg8 24. Rc1 b5 25. axb5 axb5 26. Kf2 Rgf8 27. Qg3 Rg7 28.
gxh5 Rfg8 29. Qg5 Be8 30. h6 Rf7 31. Nd4 Rxf4+ 32. Ke2 Rf7 33. h5 Rf5 34. Nxf5
exf5 35. Qf6 f4 36. Qxf4 b4 37. hxg6+ Rxg6 38. Rxg6 Bxg6 39. Qf6 Qb5+ 40. Kf2
Qd7 41. e6 1-0

[Event "Col Ch "]
[Site "Ibague "]
[Date "2013.07.02"]
[Round "3.44"]
[White "Latorre, Franklin Leandro"]
[Black "Gonzalez Parejo, Ramon Junior"]
[Result "0-1"]
[WhiteElo "1927"]
[BlackElo "2094"]
[PlyCount "62"]
[EventDate "2013.07.01"]
[EventType "swiss"]
[EventRounds "11"]
[EventCountry "COL"]
[SourceDate "2005.09.12"]

1. e4 c5 2. Nf3 g6 3. Bc4 Bg7 4. O-O Nc6 5. c3 d6 6. d4 Nf6 7. e5 dxe5 8. dxc5
Qc7 9. Bb5 O-O 10. Bxc6 Qxc6 11. b4 e4 12. Nd4 Qc7 13. Na3 a5 14. Rb1 axb4 15.
cxb4 Ng4 16. f4 exf3 17. Nxf3 Bf5 18. Rb3 Be4 19. Qe2 Bd5 20. Rd3 e6 21. Rfd1
b6 22. Be3 Nxe3 23. Qxe3 bxc5 24. bxc5 Bxa2 25. Nb5 Qa5 26. Nd6 Bd5 27. Nd2 Qb4
28. N2e4 Ra4 29. Nc3 Bxc3 30. Rxc3 Qg4 31. Qd2 Rd4 0-1

[Event "Col Ch "]
[Site "Ibague "]
[Date "2013.07.02"]
[Round "3.45"]
[White "Navia, Edwin Adrian"]
[Black "Olarte Parra, Jhoan Sebastian"]
[Result "1-0"]
[WhiteElo "2094"]
[BlackElo "1924"]
[PlyCount "37"]
[EventDate "2013.07.01"]
[EventType "swiss"]
[EventRounds "11"]
[EventCountry "COL"]
[SourceDate "2005.09.12"]

1. e4 c5 2. Nf3 d6 3. d4 cxd4 4. Nxd4 Nf6 5. Nc3 a6 6. Be3 e5 7. Nb3 Be6 8. f3
Be7 9. Qd2 Qc7 10. g4 O-O 11. O-O-O Rc8 12. h4 b5 13. Qf2 Nbd7 14. Kb1 b4 15.
Nd5 Bxd5 16. exd5 a5 17. h5 a4 18. Nc1 Qa5 19. Qd2 1-0

[Event "Col Ch "]
[Site "Ibague "]
[Date "2013.07.02"]
[Round "3.46"]
[White "Melo, Marlon"]
[Black "Nino, Juan Camilo"]
[Result "0-1"]
[WhiteElo "1914"]
[BlackElo "2093"]
[PlyCount "58"]
[EventDate "2013.07.01"]
[EventType "swiss"]
[EventRounds "11"]
[EventCountry "COL"]
[SourceDate "2005.09.12"]

1. d4 Nf6 2. g3 e6 3. Bg2 c5 4. c3 Nc6 5. e3 b6 6. Nf3 d5 7. O-O Be7 8. Nbd2
O-O 9. Qc2 Ba6 10. Re1 Rc8 11. a3 Nd7 12. Qa4 Bd3 13. e4 cxd4 14. cxd4 dxe4 15.
Nxe4 Na5 16. Bg5 Rc4 17. b4 Bxe4 18. Bxe7 Qxe7 19. Rxe4 Nc5 20. dxc5 Rxe4 21.
cxb6 axb6 22. Qc2 Rc4 23. Qe2 Nb3 24. Rb1 Rc3 25. Qd1 Rfc8 26. Bf1 Rd8 27. Qe2
Qf6 28. Bg2 Rxf3 29. Bxf3 Nd4 0-1

[Event "Col Ch "]
[Site "Ibague "]
[Date "2013.07.02"]
[Round "3.47"]
[White "Aponte, Juan Camilo"]
[Black "Soto, Christian Camilo"]
[Result "0-1"]
[WhiteElo "1909"]
[BlackElo "2079"]
[PlyCount "46"]
[EventDate "2013.07.01"]
[EventType "swiss"]
[EventRounds "11"]
[EventCountry "COL"]
[SourceDate "2005.09.12"]

1. d4 Nf6 2. c4 e5 3. d5 c6 4. dxc6 bxc6 5. Nc3 d5 6. Bg5 Be6 7. cxd5 cxd5 8.
Bxf6 gxf6 9. e4 d4 10. Bb5+ Nd7 11. Bxd7+ Qxd7 12. Nb1 Bb4+ 13. Nd2 Qb7 14. f3
Rb8 15. b3 Qb6 16. Qc2 d3 17. Qb2 Rc8 18. Rc1 O-O 19. Kd1 Rxc1+ 20. Kxc1 Rc8+
21. Nc4 Qe3+ 22. Kb1 Qe1+ 23. Qc1 d2 0-1

[Event "Col Ch "]
[Site "Ibague "]
[Date "2013.07.02"]
[Round "3.48"]
[White "Carrillo, Custodio"]
[Black "Ardila, Oscar Humberto"]
[Result "0-1"]
[WhiteElo "1886"]
[BlackElo "2077"]
[PlyCount "100"]
[EventDate "2013.07.01"]
[EventType "swiss"]
[EventRounds "11"]
[EventCountry "COL"]
[SourceDate "2005.09.12"]

1. d4 Nf6 2. Nf3 e6 3. Bf4 c5 4. e3 Nc6 5. c3 Qb6 6. Qb3 Qxb3 7. axb3 cxd4 8.
exd4 Be7 9. Na3 O-O 10. Bd3 Nd5 11. Bg3 f5 12. h3 a6 13. Nc4 h6 14. Bd6 Bxd6
15. Nxd6 Nf4 16. Bf1 Ng6 17. Bc4 Kh7 18. O-O Rb8 19. b4 Nd8 20. b5 Nf7 21. Nxf7
Rxf7 22. Rfe1 d5 23. Bf1 Bd7 24. bxa6 bxa6 25. Ra2 a5 26. h4 Bc8 27. g3 Rfb7
28. h5 Nf8 29. Rb1 Nd7 30. Bd3 Nf6 31. Ne5 Rb6 32. g4 Kg8 33. f3 Ba6 34. Bxa6
Rxa6 35. Kf2 fxg4 36. fxg4 Ne4+ 37. Ke3 Nxc3 38. Nd7 Rb5 39. bxc3 Rxb1 40. Rf2
Ra8 41. Ne5 a4 42. Ra2 a3 43. Nd3 Rg1 44. Ne5 Rg3+ 45. Kf4 Rxc3 46. Ng6 Rb3 47.
Ke5 Rb2 48. Ra1 a2 49. Rf1 Re2+ 50. Kd6 a1=Q 0-1

[Event "Col Ch "]
[Site "Ibague "]
[Date "2013.07.02"]
[Round "3.50"]
[White "Uribe Sanchez, Alejandro"]
[Black "Osorio, Alejandro"]
[Result "0-1"]
[WhiteElo "2058"]
[BlackElo "1883"]
[PlyCount "120"]
[EventDate "2013.07.01"]
[EventType "swiss"]
[EventRounds "11"]
[EventCountry "COL"]
[SourceDate "2005.09.12"]

1. d4 d5 2. c4 c6 3. Nc3 Nf6 4. e3 e6 5. Nf3 Nbd7 6. Bd3 dxc4 7. Bxc4 b5 8. Bd3
Bb7 9. O-O a6 10. e4 c5 11. d5 c4 12. Bc2 Qc7 13. dxe6 fxe6 14. Ng5 Nc5 15. e5
Qxe5 16. Re1 Qd6 17. Qxd6 Bxd6 18. Nxe6 Nxe6 19. Rxe6+ Kd7 20. Bf5 Kc7 21. Bg5
Bc8 22. Rxf6 gxf6 23. Be4 fxg5 24. Bxa8 b4 25. Ne4 Be5 26. Rc1 Be6 27. Nxg5
Rxa8 28. Nxe6+ Kd6 29. Ng5 Kc5 30. b3 c3 31. Kf1 a5 32. f4 Bh8 33. Nxh7 a4 34.
f5 axb3 35. axb3 Ra7 36. Ng5 Ra3 37. f6 Bxf6 38. Ne4+ Kd4 39. Nxf6 Rxb3 40.
Rd1+ Kc4 41. Ke1 Rb2 42. Nd5 Kb3 43. Ne3 Ka2 44. Rd4 Rb1+ 45. Ke2 b3 46. Ra4+
Kb2 47. Nc4+ Kc2 48. Rb4 Kc1 49. Kd3 c2 50. Kc3 Kd1 51. Ne3+ Ke2 52. Nxc2 bxc2
53. Re4+ Kd1 54. Rd4+ Kc1 55. Rf4 Kd1 56. Rd4+ Kc1 57. g4 Rb8 58. Rc4 Rh8 59.
Kb4 Rxh2 60. g5 Kb1 0-1

[Event "Col Ch "]
[Site "Ibague "]
[Date "2013.07.02"]
[Round "3.51"]
[White "Torres, Jaime Alberto"]
[Black "Aristizabal, Jorge"]
[Result "0-1"]
[WhiteElo "2052"]
[BlackElo "1881"]
[PlyCount "78"]
[EventDate "2013.07.01"]
[EventType "swiss"]
[EventRounds "11"]
[EventCountry "COL"]
[SourceDate "2005.09.12"]

1. d4 d5 2. Nf3 Nf6 3. c4 e6 4. Nc3 a6 5. e3 dxc4 6. Bxc4 b5 7. Bb3 Bb7 8. O-O
Be7 9. Re1 O-O 10. Bc2 c5 11. a3 Nbd7 12. dxc5 Nxc5 13. Qe2 Rc8 14. e4 Qc7 15.
e5 Nd5 16. Ne4 Nd7 17. Bb3 Nxe5 18. Nfg5 h6 19. Qh5 Nd3 20. Nxe6 fxe6 21. Bxh6
Qe5 22. Qxe5 Nxe5 23. Bd2 Nd3 24. Re2 Nxb2 25. Bg5 Nc4 26. Bxe7 Nxe7 27. Bxc4
bxc4 28. Nd6 Bd5 29. Nxc8 Rxc8 30. Rc1 Rb8 31. Rec2 Rb3 32. Rc3 Nf5 33. Kf1 Nd6
34. f3 Nb5 35. Rxb3 cxb3 36. a4 Na3 37. Rc8+ Kf7 38. Rb8 Nb5 39. axb5 a5 0-1

[Event "Col Ch "]
[Site "Ibague "]
[Date "2013.07.02"]
[Round "3.52"]
[White "Corpus Vanegas, Jair Samir"]
[Black "Dominguez Rincon, Miller"]
[Result "1-0"]
[WhiteElo "1881"]
[BlackElo "2035"]
[PlyCount "143"]
[EventDate "2013.07.01"]
[EventType "swiss"]
[EventRounds "11"]
[EventCountry "COL"]
[SourceDate "2005.09.12"]

1. e4 e5 2. Nf3 Nc6 3. Bb5 a6 4. Ba4 Nf6 5. Nc3 b5 6. Bb3 Be7 7. d4 exd4 8.
Nxd4 Nxd4 9. Qxd4 c5 10. Qe3 c4 11. e5 O-O 12. exf6 Bxf6 13. O-O d5 14. Qf3 d4
15. Qxa8 dxc3 16. bxc3 cxb3 17. axb3 Bxc3 18. Rb1 Qf6 19. Qf3 Qxf3 20. gxf3 Bf5
21. Be3 b4 22. Rbc1 Rd8 23. Rfd1 Rxd1+ 24. Rxd1 f6 25. Rc1 Kf7 26. Kf1 Ke6 27.
Ke2 Kd5 28. Rd1+ Ke6 29. Rc1 Kd5 30. Kd1 Bd7 31. Bd2 Kd4 32. Be3+ Ke5 33. Bd2
Kd4 34. Be3+ Ke5 35. Bd2 Bb5 36. Bxc3+ bxc3 37. Ke1 Kf4 38. Rd1 Kxf3 39. Rd5
Ke4 40. Rc5 Kd4 41. Rc7 g5 42. Rxh7 g4 43. Rf7 Ke5 44. Re7+ Kd4 45. Re3 a5 46.
Rg3 f5 47. f3 a4 48. bxa4 Bxa4 49. Kd1 f4 50. Rxg4 Ke3 51. h4 Bc6 52. Ke1 Bxf3
53. Rg5 Be4 54. Re5 Kd4 55. Rxe4+ Kxe4 56. Kf2 Ke5 57. Ke2 Ke4 58. h5 Kf5 59.
Kf3 Kg5 60. h6 Kxh6 61. Kxf4 Kg6 62. Ke5 Kf7 63. Kd4 Ke6 64. Kxc3 Ke5 65. Kc4
Kd6 66. Kb5 Kc7 67. c3 Kb7 68. Kc5 Kc7 69. c4 Kb7 70. Kd6 Kc8 71. Kc6 Kb8 72.
Kd7 1-0

[Event "Col Ch "]
[Site "Ibague "]
[Date "2013.07.02"]
[Round "3.53"]
[White "Rico, Oswaldo"]
[Black "Acosta Cruz, Luis Ivan"]
[Result "0-1"]
[WhiteElo "2022"]
[BlackElo "1879"]
[PlyCount "120"]
[EventDate "2013.07.01"]
[EventType "swiss"]
[EventRounds "11"]
[EventCountry "COL"]
[SourceDate "2005.09.12"]

1. e4 e5 2. Nf3 Nc6 3. Bb5 a6 4. Ba4 Nf6 5. O-O Be7 6. Re1 b5 7. Bb3 d6 8. h3
O-O 9. c3 Na5 10. Bc2 c5 11. d4 Qc7 12. d5 Bd7 13. Bg5 h6 14. Bh4 Rfe8 15. Bg3
Nc4 16. b3 Nb6 17. Nbd2 c4 18. b4 a5 19. a3 axb4 20. axb4 Rxa1 21. Qxa1 Ra8 22.
Qb2 Na4 23. Bxa4 Rxa4 24. Ra1 Qa7 25. Rxa4 Qxa4 26. Qc1 Nh5 27. Bh2 g5 28. Nf1
Kh7 29. Ne3 Nf4 30. Bxf4 exf4 31. Nc2 Bf6 32. Nfd4 Be5 33. f3 Kg6 34. Kf1 f5
35. Qe1 Qa2 36. Qa1 Qxa1+ 37. Nxa1 fxe4 38. fxe4 h5 39. Nac2 g4 40. hxg4 hxg4
41. Ne2 Kg5 42. Ncd4 Bxd4 43. cxd4 f3 44. gxf3 gxf3 45. Nc3 Kf4 46. Kf2 Be8 47.
e5 dxe5 48. dxe5 Kxe5 49. Kxf3 Kd4 50. Ne2+ Kd3 51. Nf4+ Kd2 52. Ke4 c3 53. Kd4
c2 54. Nd3 Bg6 55. Nc5 Kd1 56. Nb3 c1=Q 57. Nxc1 Kxc1 58. Kc5 Be8 59. Kd6 Kc2
60. Ke7 Bh5 0-1